| 000 | 00756nam a2200229 i 4500 | ||
|---|---|---|---|
| 001 | 101240 | ||
| 003 | ES-MaACL | ||
| 005 | 20250829062543.0 | ||
| 007 | t| | ||
| 008 | 051014m19471948sp ||||1| spa d | ||
| 100 | 1 |
_aMaurois, André, _d1885-1967 _979267 |
|
| 245 | 1 | 0 |
_aHistoria de Francia / _cAndré Maurois, [seud.] de Emile Herzog; versión española de María Luz Morales. |
| 250 | _a[1ª ed.]. | ||
| 260 |
_aBarcelona : _bSurco, _c1947-48. |
||
| 300 |
_a2 v. con lám. I-X ; _c23 cm. |
||
| 490 | 1 | _aSurco. Historia III | |
| 651 | 4 |
_aFrancia- _xHistoria _98679 |
|
| 700 | 1 |
_aMorales, María Luz, _d1889-1980 _983001 |
|
| 830 | 0 |
_aSurco. Historia III _9232470 |
|
| 852 |
_aES-MaACL _jF-5208-09 _bR.26896 |
||
| 999 |
_c101240 _d101240 |
||